Sexual conduct : The social sources of human sexuality /
Gorde:
| Egile Nagusiak: | , |
|---|---|
| Formatua: | Liburua |
| Hizkuntza: | ingelesa |
| Argitaratua: |
Chicago :
Aldine Publishing Company, stampa 1997,
c1973
|
| Edizioa: | First paperback edition 1974 |
| Etiketak: |
Etiketarik gabe, Izan zaitez lehena erregistro honi etiketa jartzen!
|
MARC
| LEADER | 00000nam a22000007i 4500 | ||
|---|---|---|---|
| 001 | IT\ICCU\UBO\1822748 | ||
| 003 | ItRI | ||
| 005 | 20260115231814.0 | ||
| 008 | 020909s1977 xxu|||||| ||||| |||||c | ||
| 020 | |a 020230261X (Cloth) | ||
| 020 | |a 0202302628 (Paper) | ||
| 040 | |b ita |c importazione bologna sebina | ||
| 041 | 7 | |a eng |2 ISO-639-2 | |
| 100 | 1 | |a Gagnon, John H., |d (1931-2016) |0 IT\ICCU\SBLV\183371 |4 aut | |
| 245 | 1 | 0 | |a Sexual conduct : |b The social sources of human sexuality / |c John H. Gagnon ; William Simon. |
| 250 | |a First paperback edition 1974 | ||
| 260 | |a Chicago : |b Aldine Publishing Company, stampa 1997, |c c1973 | ||
| 300 | |a XII, 316 p. ; |c 22 cm. | ||
| 700 | 1 | |a Simon, William |0 IT\ICCU\SBLV\183370 |4 aut | |
| 790 | 1 | |a Gagnon, J. H., |d (1931-2016) |3 IT\ICCU\CFIV\374864 |z Gagnon, John H. (1931-2016) | |
| 790 | 1 | |a Gagnon, John, |d (1931-2016) |3 IT\ICCU\CFIV\374863 |z Gagnon, John H. (1931-2016) | |
| 942 | |2 ddc |c BK |n 0 | ||
| 952 | |0 0 |1 0 |4 0 |6 DOC_301_470000000000000_GAG |7 0 |9 13033 |a BO |b BO |d 2026-01-15 |i 6531 |l 0 |o DOC 301.47 GAG |p BO6531 |r 2026-01-15 23:18:14 |w 2026-01-15 |x [Sebina 5] [1 v.] |y BK |z 1 v. | ||
| 999 | |c 11165 |d 11165 | ||